| 000 | 00471nam a2200157 a 4500 | ||
|---|---|---|---|
| 005 | 20260322212053.0 | ||
| 008 | data | ||
| 096 | _aWA 541 A77 1986 | ||
| 245 | 0 | 0 |
_aHealth systems plan _cedited by Central Arizona Health Systems Agency. |
| 260 |
_aPhoenix, Ariz. _bCAHSA _c1986 |
||
| 300 | _billustrations ; 28 cm. | ||
| 650 | 0 |
_aMedical care _xPlanning _zArizona |
|
| 650 | 0 |
_aRegional medical programs _zArizona |
|
| 700 | 1 | _aCentral Arizona Health Systems Agency. | |
| 001 | data | ||
| 999 |
_c1270 _d1270 |
||